<?xml version="1.0" encoding="UTF-8"?>
<collection xmlns="http://www.loc.gov/MARC21/slim">
 <record>
  <leader>     na                 </leader>
  <controlfield tag="001">INLIS000000000000518</controlfield>
  <controlfield tag="005">20210302111716</controlfield>
  <controlfield tag="035">$a 0010-0321000011</controlfield>
  <controlfield tag="245">$a ANCAS: Kabeh wong kawit lair nunggal drajat /$c Yusmanto</controlfield>
  <controlfield tag="100">$a Yusmanto</controlfield>
  <controlfield tag="300">$a 42 hlm : $b ilus ; $c 18.5 x 26.5 cm</controlfield>
  <controlfield tag="260">$a Purwokerto :$b Yayasan carablaka,$c 2020</controlfield>
  <controlfield tag="082">$a 050</controlfield>
  <controlfield tag="084">$a 050 YUS a</controlfield>
  <controlfield tag="022">$a 2087-023X</controlfield>
  <controlfield tag="863">$a Desember 2020</controlfield>
  <controlfield tag="990">$a M0088/2020</controlfield>
 </record>
</collection>
